Folding techniques for designers : (Record no. 353903)

000 -LEADER
fixed length control field 01300nam a2200265 a 4500
001 - CONTROL NUMBER
control field ASIN1856697215
003 - CONTROL NUMBER IDENTIFIER
control field OSt
005 - DATE AND TIME OF LATEST TRANSACTION
control field 20180116192421.0
008 - FIXED-LENGTH DATA ELEMENTS--GENERAL INFORMATION
fixed length control field 140227s2011 xxu eng d
020 ## - INTERNATIONAL STANDARD BOOK NUMBER
International Standard Book Number 1856697215 (paperback)
Terms of availability $35.00
020 ## - INTERNATIONAL STANDARD BOOK NUMBER
International Standard Book Number 9781856697217 (paperback)
040 ## - CATALOGING SOURCE
Transcribing agency SADA
050 04 - LIBRARY OF CONGRESS CALL NUMBER
Classification number Z261
082 04 - DEWEY DECIMAL CLASSIFICATION NUMBER
Classification number 736.98
100 1# - MAIN ENTRY--PERSONAL NAME
Personal name Jackson, Paul.
9 (RLIN) 7360
245 10 - TITLE STATEMENT
Title Folding techniques for designers :
Remainder of title from sheet to form /
Statement of responsibility, etc. Paul Jackson.
250 ## - EDITION STATEMENT
Edition statement Pap/Cdr ed.
260 ## - PUBLICATION, DISTRIBUTION, ETC.
Place of publication, distribution, etc. [S.l.] :
Name of publisher, distributor, etc. Laurence King Publishing,
Date of publication, distribution, etc. 2011.1 CD-ROM (4 3/4 in.)
300 ## - PHYSICAL DESCRIPTION
Extent 224 p. ;
Dimensions 22 cm. + 1 CD-ROM (4 3/4 in.)
520 ## - SUMMARY, ETC.
Summary, etc. Many designers use folding techniques in their work to make three-dimensional forms from two-dimensional sheets of fabric, cardboard, plastic, metal, and many other materials. This unique book explains the key techniques of folding, such as pleated surfaces, curved folding and crumpling. An elegant, practical handbook, it covers over 70 techniques explained by clear step-by-step drawings, crease-pattern drawings, and specially commissioned photography.
650 #0 - SUBJECT ADDED ENTRY--TOPICAL TERM
Topical term or geographic name entry element Paper folding (Graphic design)
9 (RLIN) 7361
650 #0 - SUBJECT ADDED ENTRY--TOPICAL TERM
Topical term or geographic name entry element Paper work
9 (RLIN) 7362
856 40 - ELECTRONIC LOCATION AND ACCESS
Materials specified Amazon.com
Uniform Resource Identifier <a href="http://www.amazon.com/exec/obidos/ASIN/1856697215/chopaconline-20">http://www.amazon.com/exec/obidos/ASIN/1856697215/chopaconline-20</a>
942 ## - ADDED ENTRY ELEMENTS (KOHA)
Source of classification or shelving scheme
Koha item type Book
Holdings
Withdrawn status Lost status Source of classification or shelving scheme Damaged status Not for loan Permanent Location Current Location Date acquired Total Checkouts Total Renewals Full call number Barcode Date last seen Date last checked out Cost, replacement price Price effective from Koha item type
          School of Art Design and Architecture (SADA) School of Art Design and Architecture (SADA) 02/25/2014 12 4 736.98 JAC 2011 SADA0002250 02/17/2025 02/12/2025 2180.65 02/28/2014 Book
          School of Art Design and Architecture (SADA) School of Art Design and Architecture (SADA) 02/25/2014 1   CD 736.98 JAC 2011 SADA0002254 04/11/2016 04/05/2016   02/28/2014  
© 2023 Central Library, National University of Sciences and Technology. All Rights Reserved.